| 000 | 00596nam a22001937a 4500 | ||
|---|---|---|---|
| 003 | BD-ChCU | ||
| 005 | 20260506141859.0 | ||
| 008 | 260506b bg ||||| |||| 00| 0 ben d | ||
| 020 | _a9781118752746 | ||
| 040 | _cBD-ChCU | ||
| 082 | _a639.3 F532 | ||
| 100 |
_aedited by Jakobsen,Tore ... [et al.]. _922537 |
||
| 245 |
_a Fish reproductive biology : _b implications for assessment and management / _c edited by Tore Jakobsen ... [et al.]. |
||
| 250 | _a2ed. | ||
| 260 |
_aN.Y _bWiley blaekwel, _c2016 |
||
| 300 | _a741p. | ||
| 650 | 0 |
_aFishes Fishery management _922539 |
|
| 942 |
_2ddc _cBK _n0 |
||
| 999 |
_c112746 _d112746 |
||